Movies Quiz

Random Movies or Box Office Quiz

Biggest Films' Biggest Stars Quiz Stats

Quiz Updated Mar 1, 2013

Challenge
Share
Tweet
Embed
Score 0/32 Timer 08:00
6 Plays Today
Rank/Film Star % Correct
#6: Pirates of the Caribbean: Dead Man's ChestJohnny Depp
95.9%
#9: Alice in Wonderland (2010)Johnny Depp
95.9%
#2: TitanicLeonardo DiCaprio
95.3%
#18: Shrek 2Eddie Murphy
88.5%
#18: Shrek 2Mike Myers
86%
#10: The Dark KnightHeath Ledger
85.7%
#7: Toy Story 3Tom Hanks
85.6%
#18: Shrek 2Cameron Diaz
83.8%
#6: Pirates of the Caribbean: Dead Man's ChestOrlando Bloom
83.8%
#2: TitanicKate Winslet
82.8%
#7: Toy Story 3Tim Allen
80%
#10: The Dark KnightChristian Bale
78.7%
#6: Pirates of the Caribbean: Dead Man's ChestKeira Knightley
76.1%
#3: Harry Potter and the Deathly Hallows – Part 2Emma Watson
75.4%
#3: Harry Potter and the Deathly Hallows – Part 2Daniel Radcliffe
75.2%
#4: The Lord of the Rings: The Return of the KingElijah Wood
69.2%
Rank/Film Star % Correct
#17: Star Wars Episode I: The Phantom MenaceNatalie Portman
67.1%
#3: Harry Potter and the Deathly Hallows – Part 2Rupert Grint
59.4%
#17: Star Wars Episode I: The Phantom MenaceEwan McGregor
53.8%
#4: The Lord of the Rings: The Return of the KingIan McKellen
48.8%
#17: Star Wars Episode I: The Phantom MenaceLiam Neeson
48.3%
#19: Jurassic ParkJeff Goldblum
41.7%
#4: The Lord of the Rings: The Return of the KingSean Astin
41.4%
#10: The Dark KnightAaron Eckhart
38.7%
#1: AvatarZoe Saldana
35.6%
#1: AvatarSam Worthington
34.3%
#19: Jurassic ParkSam Neill
27.9%
#19: Jurassic ParkLaura Dern
25.9%
#5: Transformers: Dark of the MoonShia LaBeouf
18%
#9: Alice in Wonderland (2010)Mia Wasikowska
12.9%
#5: Transformers: Dark of the MoonJosh Duhamel
5.3%
#5: Transformers: Dark of the MoonJohn Turturro
4.2%

You're not logged in!

Compare scores with friends on all Sporcle quizzes.
Sign Up with Email
OR
Log In

You Might Also Like...

Show Comments

Extras

Top Quizzes Today


Score Distribution

Your Account Isn't Verified!

In order to create a playlist on Sporcle, you need to verify the email address you used during registration. Go to your Sporcle Settings to finish the process.